书目信息 |
| 题名: |
电梯安装维修工
|
|
| 作者: | 袁克文 , 张百令 编写 | |
| 分册: | 高级 | |
| 出版信息: | 北京 中国劳动社会保障出版社 2004.7 |
|
| 页数: | 341页 | |
| 开本: | 26cm | |
| 丛书名: | ||
| 单 册: | ||
| 中图分类: | TU857 | |
| 科图分类: | ||
| 主题词: | 电梯--dian ti--安装--技术教育--教材 , 电梯--dian ti , 电梯--dian ti--维修--技术教育--教材 | |
| 电子资源: | ||
| ISBN: | 7-5045-3969-4 | |
| 000 | 01129nam0 2200301 450 | |
| 001 | CAL 012006006880 | |
| 005 | 20061030093958.64 | |
| 010 | @a7-5045-3969-4@dCNY37.00 | |
| 099 | @aCAL 012006006880 | |
| 100 | @a20060909d2004 em y0chiy0120 ea | |
| 101 | 0 | @achi |
| 102 | @aCN@b110000 | |
| 105 | @aa z 000yy | |
| 200 | 1 | @a电梯安装维修工@Adian ti an zhuang wei xiu gong@i高级@f[袁克文, 张百令编写] |
| 210 | @a北京@c中国劳动社会保障出版社@d2004.7 | |
| 215 | @a341页@c图@d26cm | |
| 300 | @a职业资格培训教材 社会力量办学培训教材 | |
| 304 | @a劳动和社会保障部教材办公室组织编写 | |
| 330 | @a本书详细介绍了高级电梯维修工必须掌握的知识和技能, 内容包括: 电力电子变流技术、自动控制基础、机械制造工艺与加工工艺基础、微型计算机原理及其在电梯中的应用、高速直流电梯等。 | |
| 333 | @a阅读对象: 各级职业技术学校电梯安装维修专业师生 | |
| 606 | 0 | @a电梯@Adian ti@x安装@x技术教育@j教材 |
| 606 | 0 | @a电梯@Adian ti |
| 606 | 0 | @a电梯@Adian ti@x维修@x技术教育@j教材 |
| 690 | @aTU857@v4 | |
| 701 | 0 | @a袁克文@Ayuan ke wen@4编写 |
| 701 | 0 | @a张百令@Azhang bai ling@4编写 |
| 801 | 0 | @aCN@c20061030 |
| 905 | @a10447@dTU857@eY890 | |
| 电梯安装维修工.高级/[袁克文, 张百令编写].-北京:中国劳动社会保障出版社,2004.7 |
| 341页:图;26cm |
| 职业资格培训教材 社会力量办学培训教材.-使用对象:阅读对象: 各级职业技术学校电梯安装维修专业师生 |
| ISBN 7-5045-3969-4:CNY37.00 |
| 本书详细介绍了高级电梯维修工必须掌握的知识和技能, 内容包括: 电力电子变流技术、自动控制基础、机械制造工艺与加工工艺基础、微型计算机原理及其在电梯中的应用、高速直流电梯等。 |
| ● |
| 相关链接 |
|
|
|
正题名:电梯安装维修工
索取号:TU857/Y890
 
预约/预借
| 序号 | 登录号 | 条形码 | 馆藏地/架位号 | 状态 | 备注 |
| 1 | 633229 | 206332299 | 建筑库201/201建筑库 85排1列1层/ [索取号:TU857/Y890] | 在馆 | |
| 2 | 633230 | 206332306 | 建筑库201/201建筑库 85排1列1层/ [索取号:TU857/Y890] | 在馆 |